| 000 -LEADER |
| fixed length control field |
00389nam a22001337a 4500 |
| 082 ## - DEWEY DECIMAL CLASSIFICATION NUMBER |
| Classification number |
Y4 F76 |
| 100 ## - MAIN ENTRY--PERSONAL NAME |
| Personal name |
Forest Research Institute |
| 9 (RLIN) |
4261 |
| 245 ## - TITLE STATEMENT |
| Title |
Photogallery |
| Statement of responsibility, etc |
Forest Research Institute |
| 260 ## - PUBLICATION, DISTRIBUTION, ETC. (IMPRINT) |
| Place of publication, distribution, etc |
Dehradun |
| Name of publisher, distributor, etc |
Forest Research Institute |
| Date of publication, distribution, etc |
2009 |
| 300 ## - PHYSICAL DESCRIPTION |
| Extent |
58p. |
| 650 ## - SUBJECT ADDED ENTRY--TOPICAL TERM |
| Topical term or geographic name as entry element |
Forests and forestry -- India. |
| 9 (RLIN) |
9164 |
| 650 ## - SUBJECT ADDED ENTRY--TOPICAL TERM |
| Topical term or geographic name as entry element |
Forests and forestry |
| 9 (RLIN) |
9165 |
| 650 ## - SUBJECT ADDED ENTRY--TOPICAL TERM |
| Topical term or geographic name as entry element |
India. |
| 9 (RLIN) |
9166 |